[Event "Hessen-ch Seniors op 05th"]
[Site "Bad Sooden-Allendorf"]
[Date "2009.04.26"]
[Round "2"]
[White "Schuetze, Manfred"]
[Black "Lisek, Irma"]
[Result "1-0"]
[WhiteElo "1657"]
[BlackElo "1391"]
[PlyCount "91"]
[EventDate "2009.04.25"]
[EventType "swiss"]
[EventRounds "9"]
[EventCountry "GER"]
[SourceTitle "EXT 2022"]
[Source "ChessBase"]
[SourceDate "2021.10.06"]
[SourceVersion "1"]
[SourceVersionDate "2021.10.06"]
[SourceQuality "1"]

1. b4 b5 2. Bb2 Nf6 3. e3 a6 4. Nf3 e6 5. a3 Be7 6. Be2 Bb7 7. 0-0 0-0 8. c4 bxc4 9. Bxc4 d5 10. Be2 Nbd7 11. d4 Ne4 12. Nc3 Ndf6 13. Na4 Nd7 14. Nd2 Bf6 15. Nf3 Rc8 16. Qc2 Nb6 17. Nc5 Nxc5 18. bxc5 Nc4 19. Bxc4 dxc4 20. Qxc4 Bxf3 21. gxf3 Bh4 22. Qe2 Qd5 23. Bc3 Qg5+ 24. Kh1 Qh5 25. Rg1 Qd5 26. Rab1 Ra8 27. e4 Qh5 28. Rg2 g6 29. Qd1 Be7 30. f4 Qxd1+ 31. Rxd1 Rfd8 32. Rgg1 Rd7 33. Rb1 c6 34. Rb3 f6 35. Rgb1 Kf7 36. Rb7 Ke8 37. e5 Rxb7 38. Rxb7 f5 39. Rb6 Kd7 40. Rb7+ Kd8 41. Ba5+ Ke8 42. Bc7 Bd8 43. Bd6 Rc8 44. Rxh7 Ba5 45. Re7+ Kd8 46. Rxe6 1-0

[Event "Hessen-ch Seniors op 04th"]
[Site "Bad Sooden-Allendorf"]
[Date "2008.05.01"]
[Round "8"]
[White "Schneider, Hans1111"]
[Black "Lisek, Irma"]
[Result "1/2-1/2"]
[WhiteElo "1541"]
[BlackElo "1400"]
[PlyCount "52"]
[EventDate "2008.04.24"]
[EventType "swiss"]
[EventRounds "9"]
[EventCountry "GER"]
[SourceTitle "EXT 2022"]
[Source "ChessBase"]
[SourceDate "2021.10.06"]
[SourceVersion "1"]
[SourceVersionDate "2021.10.06"]
[SourceQuality "1"]

1. Nf3 Nc6 2. g3 e5 3. d3 h6 4. Nbd2 Nf6 5. b3 d5 6. Bb2 Bd6 7. Bg2 0-0 8. 0-0 d4 9. Re1 Re8 10. a3 Bf5 11. Nc4 e4 12. dxe4 Bxe4 13. Nxd4 Bxg2 14. Kxg2 Bc5 15. Nxc6 bxc6 16. e3 Qd5+ 17. Qf3 Ne4 18. Rad1 Qe6 19. h4 Be7 20. Nd2 Nd6 21. e4 Qg6 22. Kh2 f6 23. Re2 Rf8 24. Qg2 Nf7 25. Nf3 Bd6 26. Nd4 Ne5 1/2-1/2

[Event "Hessen-ch Seniors op 03rd"]
[Site "Bad Sooden-Allendorf"]
[Date "2007.05.06"]
[Round "9"]
[White "Pastowski, Werner"]
[Black "Lisek, Irma"]
[Result "1-0"]
[WhiteElo "1562"]
[BlackElo "1378"]
[PlyCount "156"]
[EventDate "2007.04.27"]
[EventType "swiss"]
[EventRounds "9"]
[EventCountry "GER"]
[SourceTitle "EXT 2022"]
[Source "ChessBase"]
[SourceDate "2021.10.06"]
[SourceVersion "1"]
[SourceVersionDate "2021.10.06"]
[SourceQuality "1"]

1. d4 d5 2. c4 Nf6 3. Nc3 e6 4. e3 Bb4 5. Bd2 0-0 6. Nf3 Bxc3 7. Bxc3 Ne4 8. Rc1 Nc6 9. a3 Nxc3 10. Rxc3 Ne7 11. Bd3 Ng6 12. 0-0 f5 13. Qc2 c6 14. b4 a6 15. a4 Bd7 16. c5 b5 17. a5 Qf6 18. Rd1 e5 19. dxe5 Nxe5 20. Nxe5 Qxe5 21. Bf1 Qe4 22. Rd4 Qxc2 23. Rxc2 Rf7 24. g3 Re8 25. Bg2 Be6 26. h4 Rf6 27. Rcd2 g6 28. Rf4 Rff8 29. Rdd4 h5 30. Kf1 Kg7 31. Ke2 Kf6 32. Kd2 Ke7 33. Bf1 Kd7 34. Bd3 Kc7 35. Kc3 Rg8 36. Be2 Re7 37. Bf3 Rgg7 38. Rd2 Bc8 39. Rfd4 Bb7 40. Rd1 Rgf7 41. Rf4 Rd7 42. Kd4 Bc8 43. Kc3 Rd8 44. Rfd4 Be6 45. Bg2 Rff8 46. Kd2 Rg8 47. Ke2 g5 48. hxg5 Rxg5 49. Rh1 Bf7 50. Rhh4 Rdg8 51. Bf3 R8g7 52. Kd2 Kd7 53. Kd3 Ke7 54. Rdf4 Kd7 55. Kd4 Ke6 56. Rh1 Bg6 57. Rc1 Rd7 58. Rh4 Kf6 59. Rb1 Rh7 60. Rbh1 Ke6 61. R1h2 Kf6 62. R2h3 Ke6 63. Bd1 Bf7 64. Be2 Rhg7 65. Bxh5 Bxh5 66. Rxh5 Rg4+ 67. Kc3 Rc4+ 68. Kb3 Rgg4 69. f4 Rg6 70. Rh6 Rxh6 71. Rxh6+ Kd7 72. Rd6+ Kc7 73. Re6 Re4 74. Rxe4 dxe4 75. Kc3 Kd7 76. Kd4 Ke6 77. g4 fxg4 78. Kxe4 Kf6 1-0

[Event "Hessen-ch Seniors op 03rd"]
[Site "Bad Sooden-Allendorf"]
[Date "2007.05.05"]
[Round "8"]
[White "Lisek, Irma"]
[Black "Traeger, Margarete"]
[Result "1-0"]
[WhiteElo "1378"]
[BlackElo "1202"]
[PlyCount "67"]
[EventDate "2007.04.27"]
[EventType "swiss"]
[EventRounds "9"]
[EventCountry "GER"]
[SourceTitle "EXT 2022"]
[Source "ChessBase"]
[SourceDate "2021.10.06"]
[SourceVersion "1"]
[SourceVersionDate "2021.10.06"]
[SourceQuality "1"]

1. e4 e5 2. Nf3 d6 3. h3 Nf6 4. Nc3 a6 5. d4 Nfd7 6. Bc4 Be7 7. Nd5 0-0 8. Nxe7+ Qxe7 9. 0-0 h6 10. b3 b5 11. Be2 Bb7 12. d5 c6 13. c4 a5 14. a4 b4 15. Be3 c5 16. Bd3 Nf6 17. Nh4 Nh7 18. Nf5 Qf6 19. Qg4 Kh8 20. h4 Qg6 21. Qxg6 fxg6 22. Nxd6 Ra7 23. Bxc5 Ra6 24. Nxb7 Rf4 25. Be7 Ra7 26. Nxa5 Rxe7 27. g3 Rg4 28. Kh2 g5 29. f3 Rxh4+ 30. gxh4 Rf7 31. c5 gxh4 32. c6 Ng5 33. Be2 Rf4 34. c7 1-0

[Event "Hessen-ch Seniors op 02nd"]
[Site "Bad Sooden-Allendorf"]
[Date "2006.05.07"]
[Round "6"]
[White "Ludwig, Egbert"]
[Black "Lisek, Irma"]
[Result "1-0"]
[WhiteElo "1179"]
[BlackElo "1401"]
[PlyCount "81"]
[EventDate "2006.04.25"]
[EventType "swiss"]
[EventRounds "9"]
[EventCountry "GER"]
[SourceTitle "EXT 2007"]
[Source "ChessBase"]
[SourceDate "2006.11.23"]
[SourceVersion "1"]
[SourceVersionDate "2006.11.23"]
[SourceQuality "1"]

1. d4 d5 2. Nf3 Nc6 3. g3 Nf6 4. Bg2 e6 5. 0-0 Bd6 6. c4 0-0 7. b3 Be7 8. Nc3 a6 9. Qc2 Nb4 10. Qb1 c5 11. a3 Nc6 12. e4 cxd4 13. cxd5 dxc3 14. dxc6 bxc6 15. Bf4 Nh5 16. Be5 Bf6 17. Bxf6 Qxf6 18. e5 Qf5 19. Nd4 Qxb1 20. Raxb1 Bd7 21. Rbc1 Rab8 22. Rxc3 f6 23. Nxc6 Bxc6 24. Bxc6 Rbc8 25. f4 fxe5 26. fxe5 Rxf1+ 27. Kxf1 Rf8+ 28. Rf3 g6 29. Rxf8+ Kxf8 30. Ke2 Ng7 31. Ke3 Nf5+ 32. Ke4 Ne7 33. Bb7 a5 34. b4 axb4 35. axb4 Ke8 36. b5 Kd7 37. Kd4 Kc7 38. Be4 Kb6 39. Kc4 Nc8 40. Bc6 Ne7 41. Bd7 1-0

[Event "Hessen-ch Seniors op 02nd"]
[Site "Bad Sooden-Allendorf"]
[Date "2006.04.29"]
[Round "5"]
[White "Lisek, Irma"]
[Black "Traeger, Margarete"]
[Result "0-1"]
[WhiteElo "1401"]
[BlackElo "1242"]
[PlyCount "60"]
[EventDate "2006.04.25"]
[EventType "swiss"]
[EventRounds "9"]
[EventCountry "GER"]
[SourceTitle "EXT 2007"]
[Source "ChessBase"]
[SourceDate "2006.11.23"]
[SourceVersion "1"]
[SourceVersionDate "2006.11.23"]
[SourceQuality "1"]

1. e4 e5 2. Nf3 d6 3. Nc3 Nf6 4. d4 exd4 5. Nxd4 h6 6. Bc4 Be7 7. Qd3 0-0 8. 0-0 Nbd7 9. Nf3 Nc5 10. Qe2 b6 11. Bd5 Ba6 12. Bc4 Bb7 13. Bd3 a5 14. Bf4 Ra7 15. Rfe1 Nh5 16. Be3 Ne6 17. Qd2 g5 18. Nb5 Ra8 19. Nbd4 Nc5 20. Nf5 Kh7 21. Nxe7 Qxe7 22. e5+ Kg8 23. exd6 Qd7 24. Bxc5 Bxf3 25. Be4 Bxe4 26. Rxe4 bxc5 27. Rd1 Rad8 28. Qxa5 cxd6 29. a3 Nf4 30. Re3 Qg4 0-1

[Event "Bad Sooden-Allendorf Seniors op 16th"]
[Site "Bad Sooden-Allendorf"]
[Date "2004.04.23"]
[Round "2"]
[White "Lisek, Irma"]
[Black "Meyer, Walter"]
[Result "0-1"]
[WhiteElo "1442"]
[BlackElo "1728"]
[PlyCount "76"]
[EventDate "2004.04.22"]
[EventType "swiss"]
[EventRounds "9"]
[EventCountry "GER"]
[SourceTitle "EXT 2006"]
[Source "ChessBase"]
[SourceDate "2005.11.24"]
[SourceVersion "1"]
[SourceVersionDate "2005.11.24"]
[SourceQuality "1"]

1. e4 c5 2. d4 cxd4 3. Qxd4 Nc6 4. Qe3 g6 5. Nc3 Bg7 6. Nf3 Nf6 7. h3 d6 8. Bb5 0-0 9. Bxc6 bxc6 10. 0-0 Qb6 11. Rb1 Nd7 12. Na4 Qxe3 13. Bxe3 c5 14. b3 Bb7 15. Nd2 Bc6 16. Nb2 Rab8 17. Nbc4 Nb6 18. f3 Nxc4 19. Nxc4 Bb5 20. Rfd1 Bxc4 21. bxc4 Rb4 22. Rxb4 cxb4 23. Bxa7 Ra8 24. Bd4 Rxa2 25. Bxg7 Kxg7 26. Rc1 Rb2 27. Kh2 Kf6 28. Kg3 Ke5 29. c3 b3 30. Rd1 Rc2 31. Rd5+ Ke6 32. Rb5 Rxc3 33. Rb4 Ke5 34. h4 h5 35. Kf2 Kd4 36. Ke2 Rc2+ 37. Kd1 Kc3 38. Rb7 Rxg2 0-1

[Event "Bad Sooden-Allendorf Seniors op 14th"]
[Site "Bad Sooden-Allendorf"]
[Date "2002.04.30"]
[Round "9"]
[White "Blickhaeuser, Alfred"]
[Black "Lisek, Irma"]
[Result "1-0"]
[WhiteElo "1750"]
[BlackElo "1503"]
[PlyCount "43"]
[EventDate "2002.04.??"]
[EventType "swiss"]
[EventRounds "9"]
[EventCountry "GER"]
[SourceTitle "EXT 2006"]
[Source "ChessBase"]
[SourceDate "2005.11.24"]
[SourceVersion "1"]
[SourceVersionDate "2005.11.24"]
[SourceQuality "1"]

1. e4 e5 2. Nf3 Nc6 3. d4 d6 4. Bb5 Bd7 5. Be2 exd4 6. Nxd4 Be7 7. Be3 Nf6 8. Nc3 Nxd4 9. Bxd4 0-0 10. Qd3 c5 11. Be3 Bc6 12. 0-0 h6 13. Rad1 Qc7 14. f4 Rad8 15. Bf3 a6 16. a4 Rfe8 17. b3 Bf8 18. Bc1 b6 19. Rfe1 Bb7 20. Bb2 Rd7 21. Qc4 Qc8 22. Nd5 1-0

[Event "Bad Sooden-Allendorf Seniors op 14th"]
[Site "Bad Sooden-Allendorf"]
[Date "2002.04.28"]
[Round "7"]
[White "Pannenbaecker, Hermann Josef"]
[Black "Lisek, Irma"]
[Result "1-0"]
[WhiteElo "1695"]
[BlackElo "1503"]
[PlyCount "75"]
[EventDate "2002.04.??"]
[EventType "swiss"]
[EventRounds "9"]
[EventCountry "GER"]
[SourceTitle "EXT 2006"]
[Source "ChessBase"]
[SourceDate "2005.11.24"]
[SourceVersion "1"]
[SourceVersionDate "2005.11.24"]
[SourceQuality "1"]

1. e4 e5 2. Nf3 Nc6 3. Bb5 a6 4. Ba4 b5 5. Bb3 Nf6 6. 0-0 Be7 7. Re1 0-0 8. c3 d5 9. exd5 Nxd5 10. Nxe5 Nxe5 11. Rxe5 Bb7 12. d4 Bf6 13. Re1 c6 14. Be3 Re8 15. Qd3 Bg5 16. Nd2 Bxe3 17. fxe3 Qc7 18. e4 Nf4 19. Qg3 Re7 20. e5 Ne6 21. Ne4 g6 22. Nf6+ Kg7 23. Re4 Rh8 24. Rh4 h6 25. Rf1 Bc8 26. Re4 Ng5 27. Re2 Be6 28. Bc2 Qc8 29. h4 Nh7 30. Nh5+ Kg8 31. Nf4 Bf5 32. Bxf5 Qxf5 33. Nd5 Qe6 34. Nxe7+ Qxe7 35. Ref2 g5 36. Qg4 Qe6 37. Qh5 Qg6 38. Qf3 1-0